| Tag |
First Indicator |
Second Indicator |
Subfields |
| LEADER |
00000cam a22000007a 4500 |
| 001 |
in00000004589 |
| 005 |
20151007051222.0 |
| 007 |
he bmb024bbca |
| 008 |
990625s1998 vauab bb f000 0 eng d |
| 035 |
|
|
|a (OCoLC)41607242
|
| 035 |
|
|
|9 AJH4076AM
|
| 040 |
|
|
|a GPO
|c GPO
|d DLC
|d MvI
|d UtOrBLW
|
| 043 |
|
|
|a n-us-la
|
| 049 |
|
|
|a UDOC
|
| 074 |
|
|
|a 0624-H (MF)
|
| 074 |
|
|
|a 0624-H (online)
|
| 086 |
0 |
|
|a I 19.76:98-429
|
| 245 |
0 |
0 |
|a Detailed descriptions for sampling, sample preparation and analyses of cores from St. Bernard Parish, Louisiana /
|c H.W. Markewich, editor ; contributing authors, Louis D. Britsch [and others].
|
| 264 |
|
1 |
|a [Reston, Va.] :
|b U.S. Dept. of the Interior, U.S. Geological Survey ;
|c [1998]
|
| 264 |
|
2 |
|a [Denver, Colo.] :
|b [Branch of Information Services, distributor],
|
| 300 |
|
|
|a 36 pages, 5 unnumbered leaves :
|b illustrations, map ;
|c 28 cm.
|
| 336 |
|
|
|a text
|b txt
|2 rdacontent
|
| 337 |
|
|
|a microform
|b h
|2 rdamedia
|
| 338 |
|
|
|a microfiche
|b he
|2 rdacarrier
|
| 490 |
1 |
|
|a Open file report ;
|v 98-429
|
| 500 |
|
|
|a Cover title.
|
| 500 |
|
|
|a "Mississippi Basin Carbon Project Process studies."
|
| 500 |
|
|
|a Imprint from transmittal sheet.
|
| 500 |
|
|
|a Shipping list number: 99-0518-M.
|
| 504 |
|
|
|a Includes bibliographical references (pages 35-36).
|
| 533 |
|
|
|a Microfiche.
|b [Denver, Colo. :
|c U.S. Geological Survey,
|d 1999?]
|e 1 microfiche : negative.
|n Microfiche reproduction lacks transmittal sheet.
|
| 530 |
|
|
|a Also available via Internet from the USGS web site (PDF file only). Address as of 6/24/99: http://geochange.er.usgs.gov/pub/carbon/OFR%598-429/; current access is available via PURL.
|
| 500 |
|
|
|a Microform.
|
| 650 |
|
0 |
|a Carbon cycle (Biogeochemistry)
|z Louisiana
|z Saint Bernard.
|
| 650 |
|
0 |
|a Global environmental change.
|
| 650 |
|
0 |
|a Drill cores
|z Louisiana
|z Saint Bernard.
|
| 700 |
1 |
|
|a Markewich, Helaine W.
|
| 700 |
1 |
|
|a Britsch, L. D.
|
| 710 |
2 |
|
|a Geological Survey (U.S.)
|
| 830 |
|
0 |
|a U.S. Geological Survey open-file report ;
|v 98-429.
|
| 856 |
4 |
1 |
|u http://pubs.usgs.gov/of/of98-429/of98-429.pdf
|z Adobe Acrobat reader required
|t 0
|
| 999 |
|
|
|a MARS
|
| 999 |
f |
f |
|s f1ca24dc-9c0a-3e33-8832-c035024f23bb
|i 7f9cf1bf-9e57-399d-93d4-6842a8ad4b04
|t 0
|
| 952 |
f |
f |
|p normal
|a Texas A&M University
|b College Station
|c Sterling C. Evans Library
|d Evans: US Documents Microfiche (3rd floor)
|t 0
|e I 19.76:98-429
|h Superintendent of Documents classification
|i microform -- microfiche
|m A14838125019
|
| 952 |
f |
f |
|a Texas A&M University
|b College Station
|c Electronic Resources
|d Available Online
|t 0
|e I 19.76:98-429
|h Superintendent of Documents classification
|
| 998 |
f |
f |
|a I 19.76:98-429
|t 0
|l Available Online
|
| 998 |
f |
f |
|a I 19.76:98-429
|t 0
|l Evans: US Documents Microfiche (3rd floor)
|